Poder militar y sociedad política en la Argentina

Gespeichert in:
Bibliographische Detailangaben
1. Verfasser: Rouquié, Alain (VerfasserIn)
Format: Buch
Sprache:Spanisch
Veröffentlicht: Buenos Aires Emecé 1982
Schlagworte:
Tags: Tag hinzufügen
Keine Tags, Fügen Sie den ersten Tag hinzu!

MARC

LEADER 00000nam a2200000 a 4500
001 UCM9986
003 CL-VaPUC
008 030530e19820000AG |||||||||||||||||spa|d
082 0 4 |a 982.061  |b ROU  |2 21 
100 0 |a Rouquié, Alain  |e author  |9 476673 
245 1 0 |a Poder militar y sociedad política en la Argentina 
300 |a v 
942 |c BK 
945 |d 20030530 00:00:00  |a cmena 
260 |a Buenos Aires  |b Emecé  |c 1982 
500 |a v.2: 1943-1973 
650 0 |a Historia de Argentina  |9 319851 
650 7 |a HISTORIA POLITICA ARGENTINA  |2 CL-VaPUC  |9 464510 
650 0 |a Poder político  |9 255509 
650 0 |a Fuerzas Armadas  |9 255504 
651 0 |a Argentina  |9 254888 
583 |a last modification  |c 20030530 00:00:00  |k Rodrigo Vera 
999 |c 304049  |d 304047 
952 |0 0  |1 0  |4 0  |6 982_061000000000000_ROU_1982  |7 0  |8 P  |9 365801  |a BIBDER  |b BIBDER  |d 2019-11-21  |h v.2  |i 3909050  |o 982.061 ROU 1982  |p 3909050  |r 2023-01-25  |w 2019-11-21  |y BK  |k DER 
952 |0 0  |1 0  |4 0  |6 982_061000000000000_ROU_1982  |7 0  |8 P  |9 365802  |a BIBDER  |b BIBDER  |d 2019-11-21  |h v.1  |i 3908798  |o 982.061 ROU 1982  |p 3908798  |r 2023-01-25  |w 2019-11-21  |y BK  |k DER